handbook of chemistry formulae (Record no. 12002)

000 -LEADER
fixed length control field 00346nam a22001457a 4500
008 - FIXED-LENGTH DATA ELEMENTS--GENERAL INFORMATION
fixed length control field 211103b ||||| |||| 00| 0 eng d
082 ## - DEWEY DECIMAL CLASSIFICATION NUMBER
Classification number 540
Item number CAR
100 ## - MAIN ENTRY--PERSONAL NAME
Personal name Career point
245 ## - TITLE STATEMENT
Title handbook of chemistry formulae
260 ## - PUBLICATION, DISTRIBUTION, ETC. (IMPRINT)
Place of publication, distribution, etc Rajasthan
Name of publisher, distributor, etc Career Point
Date of publication, distribution, etc 2006
300 ## - PHYSICAL DESCRIPTION
Extent 218p.
650 ## - SUBJECT ADDED ENTRY--TOPICAL TERM
Topical term or geographic name as entry element Chemistry
650 ## - SUBJECT ADDED ENTRY--TOPICAL TERM
Topical term or geographic name as entry element Formula
942 ## - ADDED ENTRY ELEMENTS (KOHA)
Item type Gratis Books
Holdings
Withdrawn status Lost status Source of classification or shelving scheme Damaged status Not for loan Collection code Permanent location Current location Shelving location Date acquired Full call number Barcode Date last seen Koha item type Public note
          Fiction IMU-MPC Library IMU-MPC Library Fiction 2021-11-03 540 CAR MPCG0411 2025-03-17 Gratis Books column-63
Copyright © 2021 Indian Maritime University, Mumbai Port Campus. All Rights Reserved. Managed & Maintained by Central Library, IMU-Mumbai

webs counters

Powered by Koha